Sur quelles chansons BTS ont-ils collaboré avec ces artistes ? - Statistiques

Statistiques générales
  • Ce quiz a été pris 147 fois
  • Le résultat moyen est 8 sur 13
Statistiques - réponses
Artistes Chansons % Correct
Halsey Boy With Luv
93%
Steve Aoki Mic Drop
89%
Coldplay My Universe
89%
Nicky Minaj Idol
73%
Sia On
71%
Megan Thee Stallion Butter
64%
Jason Derulo Savage Love
61%
Lauv Who
49%
Steve Aoki The Truth Untold
38%
Benny Blanco Bad Decisions
34%
Juice Wrld All Night
33%
Charli XCX Dream Glow
31%
Zara Larsson Brand New Day
28%
Aucun quiz correspondant
Distribution des résultats
% des personnes avec chaque résultat
Percentile par nombre de réponses
Votre historique - résultats
Vous n’avez pas pris ce quiz